000 00871naa a22002657a 4500
001 BR6600432
003 BR-BrBNA
005 20240918173310.0
007 ta
008 230509b bl.||||| |||| 00| 0 por d
040 _aBR-BrBNA
_bpor
_cBiblioteca Nacional de Agricultura
041 _a(Pt)
072 _aF61
090 _aF61 BR6600432
100 1 _aCrocomo, O.J.
245 1 _aAbsorcao de p32 por levedura [fosforo]
260 3 _aPiracicaba, SP (Brasil):
_c1963.
500 _aCurso latino-americano de radioisotopos na agricultura Piracicaba, SP (Brasil): 1963. p. 488-490 (BR6600432-AM)F61
650 _aFOSFORO
650 _aABSORCAO
650 _aLEVEDURA
773 0 _tCurso latino-americano de radioisotopos na agricultura
_wF61 BR6600432
_gPiracicaba, SP (Brasil), 1963. p. 488-490
909 _a202404
_bLucia
_c55
_dLucia Elande
942 _cAM
_2AGRIS
999 _c303830
_d303830